| 000 | 00417nam a2200169Ia 4500 | ||
|---|---|---|---|
| 005 | 20250423101705.0 | ||
| 008 | 250422s9999 xx 000 0 und d | ||
| 020 | _a0877791805 | ||
| 050 | _aPE 1628 .W4/ | ||
| 245 | 0 | _aWebster’s new students dictionary | |
| 260 | _aNew Yoek | ||
| 260 | _bG. & C. Merriam Co. | ||
| 260 | _cc1969 | ||
| 300 | _a1105 p | ||
| 650 | _aEnglish language_ Dictionaries | ||
| 942 | _cBK | ||
| 999 |
_c36990 _d36990 |
||